00837nam a2200241 i 450000100060000000300090000600500170001500700030003200800410003502000180007608000190009410000310011324502080014425000120035226000340036430000220039849000280042065000320044870000200048070000340050083000280053485200330056282172ES-MaACL20230906174623.0t|041129s2001 sp ||||1| spa d a84-7426-558-4 a1(=411.21)"19"1 aAl-Jabiri, Muhammad 'Abid.10aCrítica de la razón árabe b: nueva visión sobre el legado filosófico andalusí / cMohammed Abed al-Yabri ; traducción y presentación Ahmed Mahfoud ; prefacio Pedro Martínez Montávez. a1ª ed. aBarcelona : bIcaria, c2001. a166 p. ; c22 cm.1 aIcaria antrazit ; v17514aFilosofía árabe-yS.XX.1 aMahfuz, Naguib.1 aMartínez Montávez, Pedro.0 aIcaria antrazit ; v175 aES-MaACLjE-10499 bR.134657